000 00642nam a22002057a 4500
999 _c16091
_d16091
003 AR-CdUCM
008 190502b ||||| |||| 00| 0 spa d
040 _aMUNICIPALIDAD PROVINCIAL DEL CUSCO
_cBIBLIOTECA MUNICIPAL DEL CUSCO
082 _22ed.
_a869.914 /
_bA83
100 _aAsturias, Miguel Ángel
_92136
245 _aClarivigilia primaveral /
260 _aBuenos Aires :
_bLosada,
_c1967.
300 _a121 páginas ;
_c20 cm.
440 _aPoetas de ayer y de hoy ;
_935370
505 _aContenido: Poesía
650 _aPoesías guatemaltecas
_914615
650 _aSiglo XX.
_98
942 _2ddc
_cLIBROS
945 _aacv
_d2019-05-02